[Event "Orel"]
[Site "Orel"]
[Date "1995.??.??"]
[Round "2"]
[White "Dyachkov, Sergej"]
[Black "Yandemirov, Valeri"]
[Result "1-0"]
[WhiteElo "2490"]
[BlackElo "2525"]
[Annotator "Ftacnik,L"]
[PlyCount "95"]
[EventDate "1995.??.??"]
[EventType "tourn"]
[EventRounds "9"]
[EventCountry "RUS"]
[EventCategory "10"]
[SourceTitle "CBM 048"]
[Source "ChessBase"]
[SourceDate "1995.10.01"]
[SourceVersion "1"]
[SourceVersionDate "1995.10.01"]
[SourceQuality "1"]

1. d4 Nf6 2. c4 g6 3. Nc3 d5 4. cxd5 Nxd5 5. e4 Nxc3 6. bxc3 Bg7 7. Bb5+ c6 8.
Ba4 O-O 9. Ne2 c5 10. O-O Nc6 11. Be3 Na5 (11... Qc7 12. Rc1 (12. Qc2 Na5 13.
Qc1 Bd7 14. Bxd7 Qxd7 15. Bh6 cxd4 16. Bxg7 Kxg7 17. cxd4 Rac8 18. Qe3 b6 19.
Rad1 Rc2 20. d5 Rxa2 21. Nd4 $44 {Ostojic,N-Nestorovic,D/Belgrade TRAKO (05)/
1995/1-0 (53)}) 12... Rd8 (12... e6 13. Bf4 $1 Qe7 14. Qd2 Bd7 15. dxc5 e5 16.
Bg5 f6 17. Be3 Be6 18. Bb3 Rad8 19. Bd5 $16 {Kramnik,V-Moutousis,K/Oakham/1992/
}) 13. Qc2 (13. d5 Ne5 (13... c4 14. h3 e6 15. Bg5 Ne7 16. Rc2 exd5 17. Rd2 Be6
18. Nd4 a6 19. Re1 b5 20. Bc2 Rd7 21. Bxe7 Rxe7 22. exd5 Bxd5 23. Rxe7 Qxe7 24.
Nf5 gxf5 25. Rxd5 $44 {Shipov,S-Tondivar,B/Groningen op (01)/1994/0.5 (36)})
14. c4 Ng4 15. Bf4 e5 16. Bg5 f6 17. Bd2 Nh6 18. f4 Nf7 19. f5 Nd6 20. Ng3 a6
21. Be3 Qa5 22. Bb3 {Razuvaev,Y-Baum,B/Gausdal Int (08)/1993/1-0 (42)}) 13...
a6 (13... Na5 14. Bf4 e5 15. dxe5 Be6 $1 (15... Bxe5 16. Bxe5 Qxe5 17. c4 $1
$14) 16. Bb3 $5 Bxb3 (16... c4 $5 17. Ba4 a6 18. Qb1) 17. axb3 Bxe5 18. Bg3
Bxg3 19. hxg3 c4 $1 20. b4 Nb3 $1 21. Rcd1 a5 22. Nf4 $2 (22. bxa5 Rxa5 23. Nf4
$10) 22... a4 23. Nd5 Qd6 $15 {Gurevich,D-Beelby,M/Las Vegas/1993/0-1 (25)})
14. Bxc6 bxc6 15. dxc5 Be6 16. Qa4 Rdb8 17. Rb1 Rb5 18. Nd4 Bxd4 19. cxd4 Rab8
20. Rxb5 axb5 21. Qa6 Qb7 22. Qxb7 Rxb7 23. a3 $10 {Bern,I-Swidler,P/Gausdal
Arnold Cup (8)/1991/0.5 (33)}) 12. Rb1 Nc4 (12... cxd4 13. cxd4 b6 14. d5 e6 (
14... Ba6 15. Re1 e6 16. dxe6 fxe6 17. Nf4 $16) 15. Bd2 $1 Ba6 (15... exd5 16.
Bxa5 bxa5 17. Bc6 Ba6 18. Bxa8 Qxa8 19. exd5 Rd8 20. Re1 Rxd5 21. Qb3 $16) 16.
Bb4 exd5 17. exd5 Bc4 18. Bxf8 Bxf8 19. Rb2 Qxd5 20. Qxd5 Bxd5 21. Rd1 Bc4 22.
Nc1 $1 $16 {Dautov,R-Labunsky/USSR/1989/}) (12... e5 13. dxe5 $16) (12... Bd7
13. Bxd7 Qxd7 14. dxc5 $14) 13. Bg5 Qc7 (13... a6 14. Bb3 $14) 14. Qd3 Na3 $6 (
14... Nb6 15. Bc2) 15. Rb2 Qa5 16. Bd1 cxd4 (16... c4 17. Qe3 Re8 18. Bh6 $40)
17. Bxe7 Re8 (17... dxc3 18. Rb3 c2 19. Rxa3 cxd1=Q 20. Rxd1 Qe5 21. Bxf8 Bxf8
22. Rb3 $16) 18. Bb4 Qb5 $8 19. Bc2 (19. Qxb5 Nxb5 20. Ba4 dxc3 21. Bxb5 cxb2
22. Bxe8 Be6 23. Bb5 Bxa2 $132) 19... dxc3 (19... Qxd3 20. Bxd3 dxc3 21. Rb3
Rd8 22. Nc1 Rxd3 23. Nxd3 Nb5 24. Bc5 b6 $132) 20. Rb3 Be6 $2 (20... Qxd3 $142
21. Bxd3 Rd8) 21. Bxa3 Qxd3 22. Bxd3 Bxb3 23. axb3 Rac8 (23... Red8 24. Nf4 $16
) 24. Nf4 Bf8 (24... Bh6 25. Nd5 c2 26. Nf6+ Kg7 27. Nxe8+ $18) (24... c2 25.
Nd5 Bf8 26. b4 $18) 25. Bc1 (25. Bxf8 Kxf8 26. Rc1 Rc5 27. Nd5 $16) 25... Bh6
26. Nd5 Bxc1 27. Rxc1 (27. Nf6+ Kf8 28. Nxe8 Bf4 29. Nf6 c2) 27... Kf8 28. f3 (
28. Rxc3 Rxc3 29. Nxc3 Rc8 30. Bc4 a6 31. Ne2 b5 32. Bd3 Rd8 33. Nf4 Rd4 $132)
28... Rc5 29. b4 Rcc8 (29... Rc6 30. Bb5 $18) 30. Kf2 a5 31. bxa5 Rc5 32. a6
bxa6 (32... b5 33. Rxc3 $18) 33. Bxa6 Ra8 34. Be2 Ra3 35. Ke3 c2+ 36. Kd4 Rc8
37. Bc4 Rb8 (37... Ra4 38. Rxc2 $18) 38. Rxc2 Rb1 39. Nc3 Rh1 40. Rb2 Rxh2 41.
Rb7 Rxg2 (41... f6 42. Nb5 $18) 42. Rxf7+ Ke8 43. Nb5 Rd2+ 44. Kc5 Ra5 45. Kb6
Ra1 46. Nc7+ Kd8 47. Bb5 Rd6+ 48. Kc5 (48. Kc5 Rad1 49. e5 R6d2 50. Ne6+ Kc8
51. Rf8+ Kb7 52. Bc6+) 1-0

[Event "RUS-ch"]
[Site "Elista"]
[Date "1996.??.??"]
[Round "2"]
[White "Dolmatov, Sergey"]
[Black "Dyachkov, Sergej"]
[Result "0-1"]
[WhiteElo "2610"]
[BlackElo "2505"]
[Annotator "Chekhov,V"]
[PlyCount "132"]
[EventDate "1996.10.15"]
[EventType "swiss"]
[EventRounds "11"]
[EventCountry "RUS"]
[SourceTitle "CBM 056"]
[Source "ChessBase"]
[SourceDate "1997.02.01"]
[SourceVersion "1"]
[SourceVersionDate "1997.02.01"]
[SourceQuality "1"]

1. e4 c6 2. d4 d5 3. exd5 cxd5 4. c4 Nf6 5. Nc3 Nc6 6. Nf3 Bg4 7. cxd5 Nxd5 8.
Qb3 Bxf3 9. gxf3 Nb6 (9... e6 $5) 10. d5 Nd4 11. Bb5+ Nd7 12. Qa4 Nxb5 13. Qxb5
g6 (13... Qb6 $6 14. Be3 Qf6 15. Ke2 $16 {Doric,N-Lagudin/Bled/1989/1|0/29/})
14. O-O (14. Qxb7 $6 Bg7 15. O-O O-O 16. Bf4 Be5 $1 17. Bxe5 Nxe5 18. f4 Rb8
19. Qxa7 Nf3+ 20. Kg2 Qc8 $146 {Webb,L-Conell,B/Dublin/1991/0,5/51/}) (14. Bg5
h6 15. Bf4 Bg7 16. O-O O-O 17. Rfe1 Nb6 18. Rad1 Rc8 19. a4 Nc4 20. Rd3 b6 $132
{Pelen,P-Kuijf,M/Amsterdam/1989/1|0/47/}) 14... Bg7 15. Re1 (15. Bg5 $5 h6 $6 (
15... O-O $5) 16. Bxe7 $1 Kxe7 17. Qb4+ Ke8 18. Rae1+ Be5 19. f4 Qh4 20. Qe4
Qg4+ 21. Kh1 f5 22. Qe3 Kd8 23. fxe5 $18 {Von Gleich,A-Fette,M/Hamburg/1987/
1|0/45/}) 15... O-O 16. Bg5 Bf6 (16... Nf6 17. Qxb7 (17. Rad1 $5) 17... Rb8 18.
Qxe7 Rxb2 19. Qxd8 Rxd8 20. Rad1 $16) 17. Bxf6 exf6 (17... Nxf6 18. Qxb7 Rb8
19. Qxa7 Rxb2 20. Rad1 $16) 18. Rad1 (18. Qxb7 $5 Ne5 19. Re3 Rb8 (19... Nc4
20. Re2 Ne5 21. Kg2) 20. Qxa7 Rxb2 21. Qd4 $16) 18... Ne5 19. Re3 Qc8 20. d6
Rd8 (20... Qh3 21. Qe2 Qd7 22. Ne4 $16) 21. Qd5 Qf5 22. Qe4 (22. Qxb7 Rab8 23.
Qe4 Rxb2 (23... Qxe4 24. Nxe4 Rxb2 25. Nxf6+ Kg7 26. Rxe5 Kxf6 27. Ra5 Rd7 $10)
24. Qxf5 gxf5 25. f4 $14) 22... Qxe4 23. Nxe4 Kg7 24. f4 Nc4 25. Rc3 Rac8 26.
Rd4 f5 (26... Nxb2 27. Rxc8 Rxc8 28. d7 Rd8 29. Nc5 $18) 27. d7 (27. Rcxc4 Rxc4
28. Rxc4 fxe4 29. Rc7 Rxd6 30. Rxb7 a6 $10) 27... Rc6 28. Rcxc4 fxe4 (28...
Rxc4 $6 29. Rxc4 fxe4 30. Rc7 $16) 29. Rxc6 bxc6 30. Rxe4 $6 (30. b4 $5 Kf6 (
30... f5 31. Rd6 Kf7 32. Rxc6 Rxd7 33. Ra6 Rb7 34. a3 Ke7 35. Kg2 $14) 31. Rd6+
Ke7 32. Rxc6 Rxd7 33. Ra6 $14) 30... Rxd7 31. Ra4 Kf6 32. Kg2 (32. Ra6 Rc7 33.
Kg2 Kf5 (33... Ke6 $5 34. Kf3 f5 35. Ke3 Kd5 $15) 34. Kf3 $10) 32... Ke6 33.
Kf3 f5 34. b3 c5 35. Ke3 Kd5 36. f3 Kc6 37. Ra6+ Kb5 38. Ra4 a5 $15 39. Rc4 Kc6
(39... Rd1 40. Rc2) 40. h4 $6 (40. Rc2 Rd4 41. h4 a4 $15) 40... Rd1 41. Rc2 Rh1
42. Rd2 Rxh4 43. Rd8 Rh2 44. Rc8+ Kd6 45. Rd8+ Kc6 46. Rc8+ Kd6 47. Rd8+ Kc7
48. Rh8 Rxa2 49. Rxh7+ Kc6 50. Rg7 Rb2 51. Rxg6+ Kb5 52. Rf6 Rxb3+ 53. Kd2 a4
54. Kc2 (54. Rxf5 a3 55. Rf8 Kb4 $17) 54... Kb4 (54... Rxf3 55. Rxf5 Kb4 56.
Rf8 Rf2+ 57. Kb1 c4 58. Rb8+ Kc3 59. Rh8 Rxf4 60. Rh3+ Kb4 $17) 55. Rxf5 a3 56.
Rf8 Rb2+ 57. Kc1 c4 58. Rb8+ Kc3 59. Ra8 Kb3 60. Rb8+ Kc3 61. Ra8 Kb3 62. Rb8+
Ka2 63. Rc8 Rh2 64. Rb8 (64. Rxc4 Kb3 65. Rc8 Rh1+ 66. Kd2 a2 $19) 64... c3 65.
f5 Rb2 66. Ra8 Kb3 (66... Kb3 67. Rb8+ (67. f6 a2 68. Rb8+ (68. f7 Rb1#) 68...
Kc4 69. Ra8 Rb1+ 70. Kc2 a1=Q 71. Rxa1 Rxa1 $19) 67... Kc4 68. Rxb2 axb2+ 69.
Kc2 Kd5 $19) 0-1

[Event "Serpukhov-A"]
[Site "Serpukhov"]
[Date "2003.??.??"]
[Round "6"]
[White "Kornev, Alexei"]
[Black "Dyachkov, Sergej"]
[Result "0-1"]
[WhiteElo "2558"]
[BlackElo "2545"]
[PlyCount "64"]
[EventDate "2003.01.??"]
[EventType "tourn"]
[EventRounds "17"]
[EventCountry "RUS"]
[EventCategory "8"]
[SourceTitle "EXT 2004"]
[Source "ChessBase"]
[SourceDate "2003.11.25"]
[SourceVersion "1"]
[SourceVersionDate "2003.11.25"]
[SourceQuality "1"]

1. e4 e6 2. d4 d5 3. e5 c5 4. c3 Ne7 5. Bd3 Nbc6 6. Nf3 cxd4 7. cxd4 Nf5 8.
Bxf5 exf5 9. Nc3 Be6 10. h4 h6 11. Ne2 g6 12. Kf1 Qb6 13. g3 O-O-O 14. Kg2 Kb8
15. b3 Rc8 16. Bf4 Qd8 17. Qd2 Qa5 18. Qd1 Ba3 19. Bd2 Qa6 20. Rb1 Nb4 21. Bxb4
Bxb4 22. a4 Be7 23. Qd2 g5 24. hxg5 hxg5 25. Rxh8 Rxh8 26. Rh1 Rg8 27. Nh2 f4
28. g4 Rh8 29. Rc1 Bd7 30. Qc3 Qh6 31. Qc7+ Ka8 32. Rh1 Qh3+ 0-1

[Event "Serpukhov-A"]
[Site "Serpukhov"]
[Date "2003.??.??"]
[Round "9"]
[White "Dyachkov, Sergej"]
[Black "Arzumanian, Georgy"]
[Result "1-0"]
[WhiteElo "2545"]
[BlackElo "2455"]
[PlyCount "59"]
[EventDate "2003.01.??"]
[EventType "tourn"]
[EventRounds "17"]
[EventCountry "RUS"]
[EventCategory "8"]
[SourceTitle "EXT 2004"]
[Source "ChessBase"]
[SourceDate "2003.11.25"]
[SourceVersion "1"]
[SourceVersionDate "2003.11.25"]
[SourceQuality "1"]

1. d4 d5 2. c4 e6 3. Nf3 c6 4. Qc2 dxc4 5. Qxc4 Nf6 6. Bg5 b5 7. Qc2 Bb7 8. e4
Nbd7 9. Nbd2 Qb6 10. a4 a6 11. axb5 axb5 12. Rxa8+ Bxa8 13. Be2 h6 14. Bxf6
gxf6 15. O-O Be7 16. Qc3 O-O 17. b4 Rd8 18. Nb3 Nf8 19. Nc5 Ng6 20. Rc1 Bf8 21.
Qb3 Bb7 22. Nxe6 fxe6 23. Qxe6+ Kg7 24. e5 fxe5 25. Nxe5 Nxe5 26. Qxe5+ Kh7 27.
Bd3+ Kg8 28. Qe6+ Kh8 29. Qf7 Bg7 30. Re1 1-0

[Event "Alushta Autumn 3rd"]
[Site "Alushta"]
[Date "2003.??.??"]
[Round "3"]
[White "Rogovski, Vladimir"]
[Black "Dyachkov, Sergej"]
[Result "0-1"]
[WhiteElo "2457"]
[BlackElo "2545"]
[PlyCount "102"]
[EventDate "2003.10.10"]
[EventType "tourn"]
[EventRounds "18"]
[EventCountry "UKR"]
[EventCategory "7"]
[SourceTitle "EXT 2005"]
[Source "ChessBase"]
[SourceDate "2004.11.15"]
[SourceVersion "1"]
[SourceVersionDate "2004.11.15"]
[SourceQuality "1"]

1. e4 g6 2. Nc3 Bg7 3. f4 c6 4. Bc4 b5 5. Bb3 b4 6. Nce2 d5 7. Nf3 a5 8. a3 Ba6
9. d3 dxe4 10. Ng5 Nh6 11. Nxe4 Qb6 12. N2g3 O-O 13. axb4 axb4 14. Qf3 Nd7 15.
Be3 Bd4 16. Bxd4 Qxd4 17. Rb1 Kg7 18. Qf2 Qxf2+ 19. Kxf2 e5 20. Kf3 exf4 21.
Kxf4 f5 22. Ng5 Nc5 23. Rhe1 Rfe8 24. Ra1 Ng4 25. Rxe8 Rxe8 26. Bf7 Rd8 27.
Ne6+ Nxe6+ 28. Bxe6 Rd4+ 29. Kf3 Bb5 30. Bxf5 Nxh2+ 31. Ke3 Rh4 32. Be4 Ng4+
33. Kd4 Nf6 34. Ra7+ Kh6 35. Ke5 Kg5 36. Rf7 Rf4 37. Bf3 Ng4+ 38. Ke6 Rxf7 39.
Kxf7 Ne5+ 40. Ke6 Nxf3 41. gxf3 Kf4 42. Ne4 h5 43. Kf6 h4 44. Ng5 Ba6 45. Kxg6
Bc8 46. Kf6 Bf5 47. d4 Bxc2 48. Ne6+ Kg3 49. Ng5 Bd1 50. Ne4+ Kf4 51. Nf2 Bxf3
0-1

[Event "Moscow Aeroflot op-B"]
[Site "Moscow"]
[Date "2005.02.21"]
[Round "7"]
[White "Filippov, Anton"]
[Black "Dyachkov, Sergej"]
[Result "0-1"]
[WhiteElo "2483"]
[BlackElo "2549"]
[PlyCount "63"]
[EventDate "2005.02.15"]
[EventType "swiss"]
[EventRounds "9"]
[EventCountry "RUS"]
[SourceTitle "EXT 2006"]
[Source "ChessBase"]
[SourceDate "2005.11.24"]
[SourceVersion "1"]
[SourceVersionDate "2005.11.24"]
[SourceQuality "1"]

1. e4 e6 2. d4 d5 3. Nc3 Bb4 4. e5 c5 5. a3 Bxc3+ 6. bxc3 Qc7 7. Nf3 Ne7 8. h4
b6 9. h5 h6 10. Rh3 Ba6 11. Nh4 Bxf1 12. Kxf1 Nd7 13. Kg1 Rc8 14. Ra2 cxd4 15.
cxd4 Qc4 16. Rb2 O-O 17. Rg3 Kh8 18. c3 Rg8 19. Re2 Nc5 20. Rf3 Rgf8 21. Bxh6
gxh6 22. Qd2 Ng8 23. Rf6 Nxf6 24. Qxh6+ Nh7 25. Re3 Ne4 26. Rf3 Qc7 27. Rf4
Qxc3 28. Kh2 Qd2 29. g3 Rg8 30. Ng6+ fxg6 31. hxg6 Rc7 32. Kg1 0-1

[Event "Moscow Aeroflot op-A"]
[Site "Moscow"]
[Date "2006.02.10"]
[Round "3"]
[White "Bu, Xiangzhi"]
[Black "Dyachkov, Sergej"]
[Result "0-1"]
[WhiteElo "2645"]
[BlackElo "2554"]
[Annotator "Mikhalevski,V"]
[PlyCount "86"]
[EventDate "2006.02.08"]
[EventType "swiss"]
[EventRounds "9"]
[EventCountry "RUS"]
[SourceTitle "CBM 112"]
[Source "ChessBase"]
[SourceDate "2006.06.07"]
[SourceVersion "1"]
[SourceVersionDate "2006.06.07"]
[SourceQuality "1"]

1. Nf3 Nf6 2. c4 g6 3. Nc3 Bg7 4. e4 d6 5. d4 O-O 6. Be2 e5 7. O-O Nc6 8. dxe5
{An uncommon line, which allows White to deviate from the main line with 8.d5.
This exchange is more popular on the seventh move.} dxe5 9. Bg5 ({The main
alternative is} 9. Qxd8 Rxd8 {and only then} 10. Bg5) 9... Qxd1 10. Raxd1 {
Another rare continuation.} ({Usuaully White prefered to capture the queen
with the other rook, leaving the f1-square for the king and the a1-rook on the
queenside.} 10. Rfxd1 Bg4 11. h3 Bxf3 12. Bxf3 Nd4 13. Nd5 Nxd5 14. cxd5 f5 15.
Rac1 (15. Kf1) ({and} 15. Rd2 {was also tested on practice.}) 15... Rf7 (15...
fxe4 $5 16. Bg4 c6) 16. Kf1 f4 $2 (16... h6 17. Be3 $14 {[%csl Rg7]}) 17. Bg4
Re8 18. Rxd4 exd4 19. Be6 Be5 20. Ke2 ({It's curious that Black went for the
same bad position in a recent game and also lost.} 20. Bxf7+ Kxf7 21. f3 Kg7
22. Ke2 h6 23. Bh4 g5 24. Bf2 Kf6 25. Kd3 $18 {1-0 Zielinska,M-Dembo,Y/
Kusadasi TUR 2006/The Week in Chess 596 (55)}) 20... Kg7 21. Bxf7 Kxf7 22. Kd3
$16 {[%csl Rc7,Rd4] Mitenkov,A-Zaitsev,I, Moscow ch 1998/ EXT2000.}) 10... Bg4
{[%csl Rd4] Black is fighting for the d4-square} 11. Rfe1 ({I believe that
despite the rook would be better situated on a1 comparing to f1 White had to
try} 11. h3 Bxf3 12. Bxf3 Nd4 13. Nd5 {like in the line with 10.Rfd1, although
it seems that Black shouldn't have problems to equalize there.}) 11... h6 $1 {
Black is not in a hurry to separate with the light-squared bishop. Instead he
prefers to determine the position of White's dark-squared bishop.} ({In the
only preceding game Black tried} 11... Bxf3 12. gxf3 (12. Bxf3 Nd4 13. Nb5
Nxf3+ 14. gxf3 Rfc8 $11 {[%cal Ga7a6] and Black is close to equality.}) 12...
Nh5 13. Rd7 f6 14. Be3 Rf7 15. Red1 Re8 16. c5 $16 {1-0 Rautenberg,W-Elm,W/
Essen 1948/EXT 99 (36)}) 12. Be3 {[%csl Rd4] The d4-square is of importance,
which explains White's decision.} Rfd8 13. Nd5 ({Now the move} 13. h3 {is too
slow as after} Bxf3 14. Bxf3 Nd4 {[%csl Re1,Re3][%cal Gd4c2] a threat of Nc2
doesn't leave time for Nd5.} 15. Bxd4 exd4 16. Nb5 Nd7 $1 17. Nxd4 Ne5 18. Be2
Nxc4 19. Bxc4 Rxd4 $11 {with full equality.}) 13... Nxe4 $1 {The main drawback
of White's last move. Black exchanges White's central pawn on Black's c-pawn.}
(13... Nxd5 14. cxd5 Bxf3 15. Bxf3 Nd4 {leads to a position which is similar
to the one, which arises after 10.Rfxd1.} 16. Rc1 $14) 14. h3 $1 {Unpinning
the f3-knight.} ({The immediate} 14. Nxc7 {allows} Rxd1 15. Rxd1 Rc8 16. Nd5
Ng5 $1 $11) 14... Bd7 ({Also} 14... Bxf3 15. Bxf3 Ng5 16. Bxg5 hxg5 17. Nxc7
Rab8 $1 $11 {[%cal Gc6d4] should be enough for equality}) 15. b4 $6 {The
source of White's problems.} (15. Nxc7 Rac8 16. Nd5 Be6) 15... Nf6 ({Black had
an interesting exchange sacrifice at his disposal.} 15... Be6 16. Nxc7 Nxb4 17.
Nxa8 (17. Nxe6 fxe6 18. Rxd8+ Rxd8 19. Bxa7 Nc3 20. Bf1 e4 $17 {[%csl Ra2]})
17... Rxa8 {[%csl Ra2,Rc4][%cal Gb4c2,Ge4c3,Gb4a2]} 18. Rc1 $1 Nxa2 19. Rc2
Nac3 {with two pawns for the exchange and active position of his pieces Black
at least can't be worse.}) 16. Nxc7 ({After} 16. b5 Nxd5 17. bxc6 Nxe3 18. Rxd7
Rxd7 19. cxd7 Nf5 {White has to look for escape by means of} 20. Bd3 Rd8 21.
Nxe5 Kf8 22. Bxf5 gxf5 23. f4 $15 {and despite White's weak pawns on the
queenside Black's advantage is not big.}) 16... Rac8 17. Nb5 e4 $1 18. Nfd4
Nxb4 {Now we can come to first conclusions. Black has definitely won the
opening battle and White has to fight for equality.} 19. Nd6 ({or} 19. Nxa7 Ra8
20. Rb1 Bf8 (20... Nd3 21. Bxd3 exd3 22. Rxb7 Ba4 23. Nb3 Ne4) 21. a3 Nd3 22.
Bxd3 exd3 23. Rxb7 Ba4 $15 {[%csl Gd3][%cal Gd3d2] with a better position for
Black in both cases.}) 19... Rb8 20. Rb1 Nd3 {Black creates a strong passed
pawn on d3.} (20... Nxa2 21. Nxb7 Nc3 22. Nxd8 Rxb1 23. Rxb1 Nxb1 $15 {[%csl
Ga7] is slightly better for White thanks to a remoted passed pawn.}) 21. Bxd3
exd3 22. Nxb7 Rdc8 23. Nd6 Rxb1 24. Rxb1 Rc7 $15 {A strong d-pawn and a pair
of bishops promise Black better chances.} 25. Rb8+ ({I believe it would be
better to take care of the dangerous d-pawn.} 25. Rb3 Bf8 26. N4b5 d2 $1 (26...
Rc6 27. c5 Nd5 28. Rxd3 Nxe3 29. fxe3 Rxc5 30. Nxa7 f5 $15 {[%csl Ra7,Rd6]
[%cal Gg8g7,Gg7f6,Gf6e6] and despite a misplaced knight on a7 White should be
able to escape for a draw.}) 27. Bxd2 Rc6 28. Nb7 Rxc4 29. Nxa7 Rc2 30. Be3 Nd5
) 25... Kh7 26. g4 $6 {White is starts to play with the fire.} (26. Rd8 $6 Ba4
27. N4b5 Rd7 28. Rxd7 Nxd7 29. Nxf7 Nc5 $1 $17 {[%cal Gc5e4,Ga7a6]}) (26. Rb3
Ne8 27. Nxe8 Bxe8 28. Rxd3 Rxc4 $15 {[%csl Ge8,Gg7] and Black is better thanks
to a bishop pair.}) 26... Ba4 {[%cal Gc7d7] The d-pawn becomes a strength to
reckon with.} 27. Nb3 $2 {After this careless move White is in trouble.} (27.
Rd8 {[%csl Gd7] was the best chance to fight against the d-pawn.} Rd7 28. Rxd7
Nxd7 {[%cal Gg7d4]} 29. Nf3 $15) 27... Rd7 $1 {Now Black's rook occupies a
nice square behind the d-pawn.} 28. Bf4 $2 {Now the dark-squared bishop will
lose control of the square d2.} (28. c5 Nd5 29. Kf1 $17 {would have been the
least of the evils.}) 28... g5 $1 $17 29. Bg3 h5 $5 (29... Re7 $1 {[%cal Ge7e2]
Penetrating with the rook to e2 looks even stronger.} 30. Kf1 Re2 $19 {[%csl
Ra2]}) 30. Rb4 ({Doesn't seem to save} 30. Nd2 hxg4 31. hxg4 Re7 32. Nf3 Nxg4
33. Nxf7 Rxf7 34. Nxg5+ Kg6 35. Nxf7 d2 (35... Kxf7 $5 36. Rd8 Bc2 37. c5 Ne5
$19) 36. Rd8 d1=Q+ 37. Rxd1 Bxd1 $19) 30... Bc6 31. Kf1 hxg4 32. hxg4 Nxg4 $19
{[%cal Gg4e5] An extra pawn on d3 and a pair of strong bishops is more than
sufficient advantage for a win.} 33. c5 Ne5 $6 {Gives White a chance.} (33...
f5 $1 {[%cal Gf5f4] wins easily.} 34. Nxf5 d2 35. Nxd2 Rxd2 36. Nxg7 Bf3 $1 37.
Rb1 Kxg7 $19) 34. Nd4 (34. Rd4 {was necessary, although after} Bf3 $1 {Black
keeps the d-pawn and with it good chances for a win.} 35. Bxe5 $140 Be2+ $1 36.
Ke1 Bxe5 $19) 34... Bd5 35. N4f5 Nc6 (35... Nf3 $5 {is a worthy alternative.
For example} 36. Ne3 Bxa2 37. Kg2 Ne1+ 38. Kf1 Nc2 $19) 36. Rb1 (36. Ra4 Bf3 $1
$19 {[%cal Gd3d2]}) 36... Bxa2 37. Rd1 Bb3 $1 38. Rb1 ({The d3-pawn is
untouchable.} 38. Rxd3 Bc4 $1 $19 {[%csl Rd3,Rf1]}) 38... d2 (38... Bc2 $1 {
[%cal Gd3d2] is even stronger.}) 39. Ne3 ({or} 39. Ke2 d1=Q+ 40. Rxd1 Bxd1+ 41.
Kxd1 Bd4 42. Nxd4 Nxd4 43. Be5 Ne6 44. c6 Rc7 $19) 39... Nd4 $1 40. Nd1 Bc4+ $4
{I doubt this move was played in the game as it simply gives up a bishop.} (
40... Bc2 $1 41. Rb2 Re7 $1 $19 {[%cal Ge7e1]}) 41. Kg1 $4 (41. Nxc4 $18) 41...
Bd3 $19 42. Rb8 Bc2 43. Ne3 d1=Q+ {The game proved that the line with 10.Raxd1
can't promise any opening advantage. Well-played, Dyachkov!} 0-1

[Event "Saratov Aratovsky Memorial 6th"]
[Site "Saratov"]
[Date "2006.11.29"]
[Round "3"]
[White "Dyachkov, Sergej"]
[Black "Gasanov, Eldar"]
[Result "1-0"]
[WhiteElo "2550"]
[BlackElo "2455"]
[PlyCount "95"]
[EventDate "2006.11.27"]
[EventType "swiss"]
[EventRounds "9"]
[EventCountry "RUS"]
[SourceTitle "EXT 2008"]
[Source "ChessBase"]
[SourceDate "2007.11.25"]
[SourceVersion "1"]
[SourceVersionDate "2007.11.25"]
[SourceQuality "1"]

1. d4 d5 2. c4 c6 3. Nf3 Nf6 4. Nc3 dxc4 5. e3 b5 6. a4 b4 7. Na2 e6 8. Bxc4
Bb7 9. O-O Nbd7 10. Bd2 a5 11. Nc1 Bd6 12. Nb3 O-O 13. Qe2 c5 14. Rfc1 Qb6 15.
Be1 Rac8 16. Bb5 cxd4 17. Nfxd4 Nc5 18. Nd2 Qc7 19. h3 Qb8 20. f3 Nd5 21. N4b3
Nxb3 22. Nxb3 Bc7 23. Bf2 Bb6 24. Nd2 Qa7 25. Rxc8 Rxc8 26. Nc4 Bc5 27. e4 Nf4
28. Qd2 Bxf2+ 29. Qxf2 Ne2+ 30. Kf1 Nd4 31. Rd1 Nxb5 32. axb5 Qb8 33. Nd6 Rd8
34. Qb6 a4 35. Ke2 a3 36. bxa3 bxa3 37. Nxb7 Rxd1 38. Kxd1 a2 39. Qa5 h5 40.
Qxa2 Qxb7 41. Qc4 Qb6 42. Kd2 Qf2+ 43. Kc3 Qxg2 44. b6 Qxf3+ 45. Kb4 Qd1 46. b7
Qb1+ 47. Qb3 Qxe4+ 48. Ka3 1-0